| 000 | 00687nam a22002057a 4500 | ||
|---|---|---|---|
| 999 |
_c9952 _d9952 |
||
| 003 | AR-CdUCM | ||
| 008 | 190328b ||||| |||| 00| 0 spa d | ||
| 040 |
_aMUNICIPALIDAD PROVINCIAL DEL CUSCO _cBIBLIOTECA MUNICIPAL DEL CUSCO |
||
| 082 |
_a330.94 / _bB52 |
||
| 100 |
_aBernhard, Georg _926509 |
||
| 245 | _aEl parlamento económico Aleman / | ||
| 260 |
_aBerlin: _bEdit.Internacional, _c1924. |
||
| 300 |
_a112 paginas ; _c22 cm. |
||
| 505 | _aContenido :El parlamento económico Alemán como modelo de los parlamentos económicos / | ||
| 650 |
_aParlamento _96911 |
||
| 650 |
_aEconomía _9382 |
||
| 700 |
_aManuel Aviles (traductor) _926510 |
||
| 942 |
_2ddc _cLIBROS |
||
| 945 | _arjall | ||